<?xml version='1.0' encoding='UTF-8'?>
  <record xmlns="http://www.loc.gov/MARC21/slim">
    <leader>00000cam a2200000 i 4500</leader>
    <controlfield tag="001">ocm64990584</controlfield>
    <controlfield tag="003">OCoLC</controlfield>
    <controlfield tag="005">20240728110824.8</controlfield>
    <controlfield tag="008">900110s1872    ne            000 0 dut d</controlfield>
    <datafield tag="040" ind1=" " ind2=" ">
      <subfield code="a">NLGGC</subfield>
      <subfield code="b">dut</subfield>
      <subfield code="e">fobidrtb</subfield>
      <subfield code="c">NLGGC</subfield>
      <subfield code="d">NLUKB</subfield>
      <subfield code="d">NLNHA</subfield>
      <subfield code="d">OCLCO</subfield>
      <subfield code="d">OCLCL</subfield>
      <subfield code="d">OCLCQ</subfield>
    </datafield>
    <datafield tag="019" ind1=" " ind2=" ">
      <subfield code="a">1056608451</subfield>
      <subfield code="a">1257996233</subfield>
    </datafield>
    <datafield tag="029" ind1="0" ind2=" ">
      <subfield code="a">NLGGC</subfield>
      <subfield code="b">059303611</subfield>
    </datafield>
    <datafield tag="035" ind1=" " ind2=" ">
      <subfield code="a">(OCoLC)64990584</subfield>
      <subfield code="z">(OCoLC)1056608451</subfield>
      <subfield code="z">(OCoLC)1257996233</subfield>
    </datafield>
    <datafield tag="100" ind1="1" ind2=" ">
      <subfield code="a">Vergers, P.</subfield>
      <subfield code="q">(Pieter),</subfield>
      <subfield code="c">onderwijzer, auteur,</subfield>
      <subfield code="d">1821-1901.</subfield>
      <subfield code="1">https://id.oclc.org/worldcat/entity/E39PCjMkpKCPyjR99xxgvdVKkC</subfield>
    </datafield>
    <datafield tag="245" ind1="1" ind2="3">
      <subfield code="a">De bloedstrijd onzer vaderen tegen Spanje, beschreven en afgebeeld voor het Nederlandsche volk /</subfield>
      <subfield code="c">door P. Vergers ; met 12 ... pltn.</subfield>
    </datafield>
    <datafield tag="260" ind1=" " ind2=" ">
      <subfield code="a">Doesborgh :</subfield>
      <subfield code="b">Van Schenk Brill,</subfield>
      <subfield code="c">[1872]</subfield>
    </datafield>
    <datafield tag="300" ind1=" " ind2=" ">
      <subfield code="a">VIII, 575 p. :</subfield>
      <subfield code="b">ill. ;</subfield>
      <subfield code="c">28 cm.</subfield>
    </datafield>
    <datafield tag="336" ind1=" " ind2=" ">
      <subfield code="a">tekst</subfield>
      <subfield code="b">txt</subfield>
      <subfield code="2">rdacontent/dut</subfield>
    </datafield>
    <datafield tag="337" ind1=" " ind2=" ">
      <subfield code="a">zonder medium</subfield>
      <subfield code="b">n</subfield>
      <subfield code="2">rdamedia/dut</subfield>
    </datafield>
    <datafield tag="338" ind1=" " ind2=" ">
      <subfield code="a">band</subfield>
      <subfield code="b">nc</subfield>
      <subfield code="2">rdacarrier/dut</subfield>
    </datafield>
    <datafield tag="500" ind1=" " ind2=" ">
      <subfield code="a">Voor het vervolg zie: P. Vergers. Geschiedenis der laatste 200 jaren.</subfield>
    </datafield>
    <datafield tag="530" ind1=" " ind2=" ">
      <subfield code="a">Ook beschikbaar in microvorm.</subfield>
    </datafield>
    <datafield tag="530" ind1=" " ind2=" ">
      <subfield code="a">Titel is geselecteerd voor digitalisering voor de Universiteit van Amsterdam in het kader van het Google Books-project.</subfield>
    </datafield>
    <datafield tag="650" ind1=" " ind2="4">
      <subfield code="a">Nederland en Spanje</subfield>
      <subfield code="x">geschiedenis.</subfield>
    </datafield>
    <datafield tag="653" ind1=" " ind2=" ">
      <subfield code="a">Tachtigjarige oorlog (1568-1648)</subfield>
    </datafield>
    <datafield tag="758" ind1=" " ind2=" ">
      <subfield code="a">De bloedstrijd onzer vaderen tegen Spanje, beschreven en afgebeeld voor het Nederlandsche volk (Text)</subfield>
      <subfield code="1">https://id.oclc.org/worldcat/entity/E39PD3FPp8M7JYKVjW7J8rdD9C</subfield>
      <subfield code="4">https://id.oclc.org/worldcat/ontology/hasWork</subfield>
    </datafield>
    <datafield tag="776" ind1="0" ind2=" ">
      <subfield code="t">De bloedstrijd onzer vaderen tegen Spanje, beschreven en afgebeeld voor het Nederlandsche volk</subfield>
      <subfield code="w">(NL-LeOCL)393536734</subfield>
    </datafield>
    <datafield tag="776" ind1="0" ind2=" ">
      <subfield code="t">De bloedstrijd onzer vaderen tegen Spanje, beschreven en afgebeeld voor het Nederlandsche volk</subfield>
      <subfield code="w">(NL-LeOCL)40175877X</subfield>
    </datafield>
    <datafield tag="936" ind1=" " ind2=" ">
      <subfield code="a">BATCHLOAD</subfield>
    </datafield>
  </record>